Missing Word: Top Grossing Movies (2006) Quiz Stats

Quiz Updated Jan 16, 2015

Challenge
Share
Tweet
Embed
Score 0/20 Timer 02:00
1 Play Today
Movie Missing Word % Correct
The Da Vinci ____Code
99.4%
Pirates of the Caribbean: ____ Man's ChestDead
97.7%
The Devil Wears _____Prada
96.5%
_______: Impossible IIIMission
96%
______ RoyaleCasino
93.8%
Night at the ______Museum
93.3%
Deja __Vu
92.8%
X-Men: The ____ StandLast
91.3%
_____ Movie 4Scary
83%
The _______ of HappynessPursuit
79.4%
Movie Missing Word % Correct
____ the HedgeOver
78.6%
Happy ____Feet
73.2%
Superman _______Returns
71.6%
Flushed ____Away
64%
Blood _______Diamond
50.1%
The _____-UpBreak
45.8%
Borat: Cultural Learnings of America for Make Benefit Glorious Nation of __________Kazakhstan
44.5%
____ SeasonOpen
44.5%
Ice Age: The ________Meltdown
42.7%
______ ManInside
7.8%

Today's Daily Dose

Missing Word
NPR Programs

Quick Pick
1991 Events

On This Day
June 18th II

You're not logged in!

Compare scores with friends on all Sporcle quizzes.
Join for Free
OR
Log In

You Might Also Like...

Show Comments

Extras

Top Quizzes Today


Score Distribution

Your Account Isn't Verified!

In order to create a playlist on Sporcle, you need to verify the email address you used during registration. Go to your Sporcle Settings to finish the process.

Report this User

Report this user for behavior that violates our Community Guidelines.

Details: